|
|
|
|
| LEADER |
01409nam a2200349 a 4500 |
| 001 |
38371 |
| 003 |
BD-DhAAL |
| 005 |
20220412102906.0 |
| 008 |
220412t1992 vtua 001 0 eng |
| 999 |
|
|
|c 44044
|d 44044
|
| 010 |
|
|
|a 91046920
|
| 020 |
|
|
|a 0930031555
|c $19.95
|
| 020 |
|
|
|a 0930031628
|
| 035 |
|
|
|a 1798960
|
| 040 |
|
|
|a LC
|b eng
|c LC
|d LC
|d BD-DhAAL
|
| 050 |
0 |
0 |
|a HD75.6
|b .M43 1992
|
| 082 |
0 |
0 |
|a 338.9
|2 20
|
| 100 |
1 |
|
|a Meadows, Donella H.
|9 47931
|
| 245 |
1 |
0 |
|a Beyond the limits :
|b confronting global collapse, envisioning a sustainable future /
|c Donella H. Meadows, Dennis L. Meadows and Jorgen Randers.
|
| 260 |
|
|
|a Post Mills, Vt. :
|b Chelsea Green Pub. Co.,
|c c1992.
|
| 300 |
|
|
|a xix, 300 pages :
|b illustrations ;
|c 24 cm.
|
| 504 |
|
|
|a Includes bibliographical references (p. 267-274) and index.
|
| 541 |
|
|
|a Donated by Akbar Ali Khan
|e 38371
|
| 650 |
|
0 |
|a Economic development
|x Economic aspects.
|9 47932
|
| 650 |
|
0 |
|a Population
|x Economic aspects.
|9 47933
|
| 650 |
|
0 |
|a Pollution
|x Economic aspects.
|9 47934
|
| 650 |
|
0 |
|a Sustainable development.
|9 47935
|
| 700 |
1 |
|
|a Meadows, Dennis L.
|9 47936
|
| 700 |
1 |
|
|a Randers, Jorgen.
|9 47937
|
| 852 |
|
|
|a Ayesha Abed Library
|c Akbar Ali Khan Collection
|
| 942 |
|
|
|2 ddc
|c BK
|
| 952 |
|
|
|0 0
|1 0
|2 ddc
|4 0
|6 338_900000000000000_MEA
|7 1
|9 70500
|a BRACUL
|b BRACUL
|c AAKC
|d 2022-04-12
|e Donated by Akbar Ali Khan
|l 0
|o 338.9 MEA
|p 3010038371
|r 2025-07-07
|t 1
|w 2022-04-12
|y BK
|